[Event "Titled Tuesday intern op 12th Mar Early"]
[Site "Chess.com INT"]
[Date "2024.03.12"]
[Round "8"]
[White "Toman, Ondrej"]
[Black "Daaevik, Wadhawan"]
[Result "0-1"]
[WhiteElo "2291"]
[BlackElo "2379"]
[PlyCount "116"]
[EventDate "2024.03.12"]
[EventType "swiss (blitz)"]
[EventRounds "11"]
[EventCountry "USA"]
[SourceTitle "CB12_2024"]
[SourceDate "2023.10.01"]
[SourceVersion "1"]
[SourceVersionDate "2023.10.01"]
[SourceQuality "1"]

1. d4 Nf6 2. Bg5 d5 3. Nd2 e6 4. e3 Be7 5. Bd3 c5 6. c3 Nc6 7. f4 h6 8. Bxf6 Bxf6 9. Ngf3 Bd7 10. 0-0 0-0 11. Ne5 Nxe5 12. fxe5 Bg5 13. Qe2 cxd4 14. exd4 b5 15. Nf3 Rb8 16. Nxg5 Qxg5 17. Rf3 Kh8 18. Raf1 f5 19. exf6 Rxf6 20. Rxf6 gxf6 21. Qf2 Rf8 22. h4 Qg7 23. Qf4 h5 24. a3 f5 25. Rf2 Rg8 26. Be2 Be8 27. Bf3 a5 28. Re2 Qf6 29. Qc7 a4 30. Qf4 Bf7 31. Re5 Kg7 32. Bxd5 exd5 33. Rxf5 Qe7 34. Rf6 Qxf6 35. Qg3+ Qg6 36. Qe5+ Kh7 37. Qe2 Re8 38. Qf3 Qb1+ 39. Kh2 Qg6 40. Kg1 Re1+ 41. Kh2 Re4 42. Qf2 Be6 43. Qf8 Rxh4+ 44. Kg1 Qb1+ 45. Kf2 Qf5+ 46. Qxf5+ Bxf5 47. Kg3 Rg4+ 48. Kf3 Be4+ 49. Kf2 Rxg2+ 50. Ke3 Rxb2 51. c4 bxc4 52. Kf4 c3 53. Ke3 c2 54. Kf4 c1Q+ 55. Ke5 Qc7+ 56. Kf6 Rf2+ 57. Kg5 Qg3+ 58. Kxh5 Rh2# 0-1

[Event "Titled Tuesday intern op 13th Feb Early"]
[Site "Chess.com INT"]
[Date "2024.02.13"]
[Round "1"]
[White "Daaevik, Wadhawan"]
[Black "Toman, Ondrej"]
[Result "0-1"]
[WhiteElo "2311"]
[BlackElo "2276"]
[PlyCount "80"]
[EventDate "2024.02.13"]
[EventType "swiss (blitz)"]
[EventRounds "11"]
[EventCountry "USA"]
[SourceTitle "CB08_2024"]
[SourceDate "2024.02.21"]
[SourceVersion "1"]
[SourceVersionDate "2024.02.21"]
[SourceQuality "1"]

1. c4 e5 2. Nc3 Nf6 3. Nf3 e4 4. Ng5 c6 5. Ngxe4 Nxe4 6. Nxe4 d5 7. cxd5 cxd5 8. Nc3 d4 9. Ne4 Nc6 10. a3 Bf5 11. d3 Qd5 12. e3 Bxe4 13. dxe4 Qxe4 14. Qd3 Qe6 15. Be2 Bc5 16. b4 Bb6 17. e4 0-0 18. f4 a5 19. b5 Ne7 20. 0-0 f5 21. Bf3 Rac8 22. Bd2 Rc7 23. Rfe1 Qf7 24. exf5 Nxf5 25. Re5 Kh8 26. Kh1 Ne3 27. g3 Nc4 28. Re2 Rd8 29. Rae1 Nxd2 30. Qxd2 h6 31. Be4 d3 32. Rg2 Rc2 33. Qd1 Rxg2 34. Kxg2 Qa2+ 35. Kh3 Qxa3 36. Bxd3 Qxd3 37. Re8+ Kh7 38. Rxd8 Qxd8 39. Qc2+ g6 40. f5 Qd7 0-1

[Event "Titled Tuesday intern op 19th Dec Early"]
[Site "Chess.com INT"]
[Date "2023.12.19"]
[Round "2"]
[White "Livaic, Leon"]
[Black "Toman, Ondrej"]
[Result "1-0"]
[WhiteElo "2543"]
[BlackElo "2279"]
[PlyCount "83"]
[EventDate "2023.12.19"]
[EventType "swiss (blitz)"]
[EventRounds "11"]
[EventCountry "USA"]
[SourceTitle "CB52_2023"]
[SourceDate "2023.12.27"]
[SourceVersion "1"]
[SourceVersionDate "2023.12.27"]
[SourceQuality "1"]

1. d4 Nf6 2. c4 e6 3. Nf3 d5 4. Nc3 c5 5. Bg5 Be7 6. cxd5 cxd4 7. Qxd4 exd5 8. e3 Nc6 9. Qa4 0-0 10. Be2 h6 11. Bh4 Be6 12. 0-0 Nd7 13. Bxe7 Qxe7 14. Rfd1 Rfd8 15. Nxd5 Bxd5 16. Rxd5 Nb6 17. Rxd8+ Rxd8 18. Qb3 Qb4 19. Qxb4 Nxb4 20. a3 Nc6 21. Rc1 Kf8 22. Bb5 Na5 23. Kf1 a6 24. Be2 Na4 25. b4 Nb3 26. Rc7 Nd2+ 27. Ke1 Nb1 28. Ne5 Nxa3 29. Rxf7+ Kg8 30. Rxb7 Nc3 31. Rd7 Rb8 32. Bxa6 Rxb4 33. Bd3 g5 34. Kd2 Na4 35. Bh7+ Kf8 36. Bd3 Rb1 37. Bxb1 Nxb1+ 38. Ke2 Nbc3+ 39. Kd3 Nc5+ 40. Kxc3 Nxd7 41. Nxd7+ Ke7 42. Nc5 1-0

[Event "Titled Tuesday intern op 19th Dec Early"]
[Site "Chess.com INT"]
[Date "2023.12.19"]
[Round "10"]
[White "Toman, Ondrej"]
[Black "Suyarov, Mukhammadzokhid"]
[Result "0-1"]
[WhiteElo "2279"]
[BlackElo "2359"]
[PlyCount "54"]
[EventDate "2023.12.19"]
[EventType "swiss (blitz)"]
[EventRounds "11"]
[EventCountry "USA"]
[SourceTitle "CB52_2023"]
[SourceDate "2023.12.27"]
[SourceVersion "1"]
[SourceVersionDate "2023.12.27"]
[SourceQuality "1"]

1. d4 Nf6 2. Bg5 Ne4 3. h4 d5 4. Nd2 Nxg5 5. hxg5 e5 6. dxe5 Qxg5 7. Ngf3 Qe7 8. e3 Bg4 9. c4 dxc4 10. Bxc4 Nd7 11. Qb3 0-0-0 12. 0-0-0 Nxe5 13. Nxe5 Qxe5 14. Nf3 Rxd1+ 15. Rxd1 Qf6 16. Bxf7 h5 17. Rd4 Bd6 18. Bd5 c6 19. Rc4 Bc7 20. Be4 Be6 21. Qc3 Bxc4 22. Qxc4 Rd8 23. a4 Kb8 24. Qc5 Qe6 25. Bc2 Qg4 26. Qg5 Qc4 27. Qxh5 Qf1+ 0-1

[Event "Titled Tuesday intern op 14th Nov Early"]
[Site "Chess.com INT"]
[Date "2023.11.14"]
[Round "10"]
[White "Toman, Ondrej"]
[Black "Preobrazhenskaya, Diana"]
[Result "1/2-1/2"]
[WhiteElo "2283"]
[BlackElo "2054"]
[PlyCount "112"]
[EventDate "2023.11.14"]
[EventType "swiss (blitz)"]
[EventRounds "11"]
[EventCountry "USA"]
[SourceTitle "CB47_2023"]
[SourceDate "2023.11.22"]
[SourceVersion "1"]
[SourceVersionDate "2023.11.22"]
[SourceQuality "1"]

1. d4 Nf6 2. Bg5 Ne4 3. h4 h6 4. Bf4 d5 5. Nd2 Nf6 6. Ngf3 Bf5 7. e3 e6 8. Ne5 Nbd7 9. g4 Be4 10. f3 Bh7 11. Bd3 Bxd3 12. cxd3 Bd6 13. Qb3 Qc8 14. Rc1 Bxe5 15. dxe5 Ng8 16. d4 Ne7 17. h5 c6 18. Qa3 Qd8 19. Qb4 Qc7 20. a4 a5 21. Qa3 Qb6 22. Rc3 Rc8 23. Ke2 Qa6+ 24. Kf2 b5 25. axb5 cxb5 26. Rxc8+ Nxc8 27. Rc1 b4 28. Qa4 Ncb6 29. Qd1 a4 30. e4 a3 31. bxa3 bxa3 32. Ra1 0-0 33. Kg3 dxe4 34. Nxe4 Nd5 35. Bd2 Qc4 36. Bc1 Nc3 37. Qd2 Nxe4+ 38. fxe4 Qb3+ 39. Qe3 Qxe3+ 40. Bxe3 Ra8 41. Ra2 Nb6 42. Kf3 Nc4 43. Bc1 Rd8 44. Be3 Rb8 45. Bc1 Rb3+ 46. Ke2 Kf8 47. Kd1 Rd3+ 48. Kc2 Rxd4 49. Bxa3+ Nxa3+ 50. Rxa3 Rxe4 51. Ra8+ Ke7 52. Ra7+ Ke8 53. Ra8+ Kd7 54. Ra7+ Ke8 55. Ra8+ Ke7 56. Ra7+ Ke8 1/2-1/2

[Event "Titled Tuesday intern op 14th Nov Early"]
[Site "Chess.com INT"]
[Date "2023.11.14"]
[Round "4"]
[White "Toman, Ondrej"]
[Black "Zhigalko, Sergei"]
[Result "0-1"]
[WhiteElo "2283"]
[BlackElo "2572"]
[PlyCount "78"]
[EventDate "2023.11.14"]
[EventType "swiss (blitz)"]
[EventRounds "11"]
[EventCountry "USA"]
[SourceTitle "CB47_2023"]
[SourceDate "2023.11.22"]
[SourceVersion "1"]
[SourceVersionDate "2023.11.22"]
[SourceQuality "1"]

1. d4 Nf6 2. Bg5 d5 3. Bxf6 exf6 4. e3 Bd6 5. g3 0-0 6. Bg2 c6 7. Ne2 Nd7 8. 0-0 f5 9. Qd3 Nf6 10. c4 Be6 11. cxd5 cxd5 12. Nbc3 Ne4 13. Nf4 Bxf4 14. exf4 Qb6 15. Na4 Qa5 16. b3 Bd7 17. Bxe4 Bb5 18. Qc3 Qxc3 19. Nxc3 Bxf1 20. Bxf5 Ba6 21. Nxd5 Rad8 22. Be4 Rd7 23. Bf3 Rfd8 24. Rc1 Kf8 25. Nb4 Rxd4 26. Nxa6 bxa6 27. Rc7 R4d7 28. Rc6 Rd6 29. Rc7 R8d7 30. Rc8+ Ke7 31. Kg2 Rd2 32. a4 Rb2 33. Rc3 Rdd2 34. Kh3 Rxf2 35. Be4 g6 36. Bd3 f5 37. g4 Rf3+ 38. Kh4 Rxh2+ 39. Kg5 Rhh3 0-1

[Event "Titled Tuesday intern op 12th Sep Early"]
[Site "Chess.com INT"]
[Date "2023.09.12"]
[Round "2"]
[White "Materia, Marco"]
[Black "Toman, Ondrej"]
[Result "1-0"]
[WhiteElo "2433"]
[BlackElo "2283"]
[PlyCount "93"]
[EventDate "2023.09.12"]
[EventType "swiss (blitz)"]
[EventRounds "11"]
[EventCountry "USA"]
[SourceTitle "EXT 2024"]
[Source "ChessBase"]
[SourceDate "2023.10.10"]
[SourceVersion "1"]
[SourceVersionDate "2023.10.10"]
[SourceQuality "1"]

1. d4 Nf6 2. c4 e6 3. Nf3 d5 4. Nc3 Bb4 5. cxd5 exd5 6. Bg5 c6 7. e3 h6 8. Bh4 0-0 9. Bd3 Re8 10. 0-0 Nbd7 11. h3 Be7 12. Qc2 Nh5 13. Bxe7 Qxe7 14. Rab1 a5 15. a3 Nf8 16. b4 Ne6 17. b5 Qxa3 18. Ne5 Qd6 19. Bh7+ Kf8 20. bxc6 bxc6 21. Nxf7 Kxf7 22. Bg6+ Kf8 23. Bxh5 Re7 24. Qh7 Rb7 25. Qh8+ Ke7 26. Rxb7+ Bxb7 27. Qh7 a4 28. Qg6 a3 29. Qf7+ Kd8 30. Qxb7 Rb8 31. Qa7 Rb3 32. Rc1 Nc7 33. Qa4 Rb2 34. Rc2 Rxc2 35. Qxc2 Qb4 36. Be2 Na8 37. g3 Nb6 38. Na2 Qe1+ 39. Kg2 Kc7 40. Bb5 Nc4 41. Bxc4 dxc4 42. Qxc4 Qd2 43. d5 Qxd5+ 44. Qxd5 cxd5 45. Kf3 Kd6 46. Ke2 Kc5 47. Kd3 1-0

[Event "Titled Tuesday intern op 12th Sep Early"]
[Site "Chess.com INT"]
[Date "2023.09.12"]
[Round "7"]
[White "Toman, Ondrej"]
[Black "Boyer, Mahel"]
[Result "0-1"]
[WhiteElo "2283"]
[BlackElo "2471"]
[PlyCount "70"]
[EventDate "2023.09.12"]
[EventType "swiss (blitz)"]
[EventRounds "11"]
[EventCountry "USA"]
[SourceTitle "EXT 2024"]
[Source "ChessBase"]
[SourceDate "2023.10.10"]
[SourceVersion "1"]
[SourceVersionDate "2023.10.10"]
[SourceQuality "1"]

1. d4 Nc6 2. g3 e5 3. d5 Nce7 4. e4 f5 5. f4 fxe4 6. fxe5 Ng6 7. Qd4 Qe7 8. Bf4 Nxf4 9. gxf4 g5 10. Qxe4 gxf4 11. Nf3 Nf6 12. Qd4 Ng4 13. Qxf4 h5 14. Nc3 Bg7 15. Bd3 Nxe5 16. Nxe5 Bxe5 17. Qe4 d6 18. 0-0-0 Bg4 19. Rde1 0-0-0 20. Qc4 Kb8 21. Kb1 Rdf8 22. h3 Bd7 23. a4 Rhg8 24. a5 a6 25. Qb4 Ka7 26. Re4 Qg5 27. Rhe1 Rf4 28. Rxf4 Qxf4 29. Re4 Qf2 30. Rc4 Rc8 31. Qb3 Bxh3 32. Rb4 Rb8 33. Qc4 Qg1+ 34. Ka2 Qc5 35. Qh4 Bg4 0-1

[Event "Titled Tuesday intern op 05th Sep Early"]
[Site "Chess.com INT"]
[Date "2023.09.05"]
[Round "9"]
[White "Toman, Ondrej"]
[Black "Kuznecova, Marija"]
[Result "1-0"]
[WhiteElo "2283"]
[BlackElo "2023"]
[PlyCount "85"]
[EventDate "2023.09.05"]
[EventType "swiss (blitz)"]
[EventRounds "11"]
[EventCountry "USA"]
[SourceTitle "EXT 2024"]
[Source "ChessBase"]
[SourceDate "2023.10.10"]
[SourceVersion "1"]
[SourceVersionDate "2023.10.10"]
[SourceQuality "1"]

1. d4 Nf6 2. c4 c5 3. d5 b5 4. cxb5 a6 5. bxa6 g6 6. Nc3 Bg7 7. e4 d6 8. Nf3 0-0 9. g3 Qa5 10. Bd2 Bxa6 11. Bxa6 Qxa6 12. Qe2 Nbd7 13. Qxa6 Rxa6 14. Kd1 Rb8 15. Kc2 c4 16. h3 Nc5 17. Rhe1 Nd3 18. b3 Nxe1+ 19. Rxe1 cxb3+ 20. axb3 Rab6 21. Rb1 Nd7 22. Be3 R6b7 23. Bd4 Rb4 24. Bxg7 Kxg7 25. Nd2 Nc5 26. f3 e6 27. dxe6 fxe6 28. Ne2 d5 29. exd5 exd5 30. Kc3 Na4+ 31. Kd3 Nc5+ 32. Kc3 Ne6 33. Ra1 R4b7 34. Ra5 Rc8+ 35. Kd3 Nc5+ 36. Kd4 Nxb3+ 37. Nxb3 Rxb3 38. Ra7+ Kh8 39. Nf4 Rxf3 40. Nxd5 Rxg3 41. Nf6 Rd8+ 42. Ke5 Re3+ 43. Kf4 1-0

[Event "Speed Chess Q1 Sw"]
[Site "Chess.com INT"]
[Date "2023.08.21"]
[Round "8"]
[White "Eynullayev, Atilla Elshan"]
[Black "Toman, Ondrej"]
[Result "1-0"]
[WhiteElo "2265"]
[BlackElo "2283"]
[PlyCount "85"]
[EventDate "2023.08.21"]
[EventType "k.o. (blitz)"]
[EventRounds "14"]
[EventCountry "USA"]
[SourceTitle "CBM 215 Extra"]
[Source "ChessBase"]
[SourceDate "2023.09.30"]
[SourceVersion "1"]
[SourceVersionDate "2023.09.30"]
[SourceQuality "1"]

1. d4 Nf6 2. c4 e6 3. Nc3 Bb4 4. e3 0-0 5. Bd3 d5 6. Nf3 b6 7. 0-0 dxc4 8. Bxc4 Bb7 9. a3 Be7 10. Ba2 c5 11. dxc5 Bxc5 12. b4 Be7 13. Bb2 Nc6 14. Qe2 Rc8 15. Rfd1 Qc7 16. e4 Rfd8 17. h3 Rxd1+ 18. Rxd1 Rd8 19. e5 Rxd1+ 20. Nxd1 Nd7 21. Qc2 Qb8 22. Bb1 Nf8 23. Ne3 a5 24. b5 Na7 25. Nd4 Bc5 26. a4 Ng6 27. Nb3 Bxe3 28. fxe3 Qc8 29. Bd4 Qxc2 30. Bxc2 Nc8 31. g3 Kf8 32. Kf2 Ke8 33. h4 Bd5 34. Nd2 Nge7 35. Bxh7 g6 36. h5 Kf8 37. e4 Ba2 38. h6 Ke8 39. g4 g5 40. Ke3 Kf8 41. Kd3 Ng6 42. Bxg6 fxg6 43. Kc3 1-0

[Event "Speed Chess Q1 Sw"]
[Site "Chess.com INT"]
[Date "2023.08.21"]
[Round "2"]
[White "Petersson, Kjell"]
[Black "Toman, Ondrej"]
[Result "0-1"]
[WhiteElo "2040"]
[BlackElo "2283"]
[PlyCount "116"]
[EventDate "2023.08.21"]
[EventType "k.o. (blitz)"]
[EventRounds "14"]
[EventCountry "USA"]
[SourceTitle "CBM 215 Extra"]
[Source "ChessBase"]
[SourceDate "2023.09.30"]
[SourceVersion "1"]
[SourceVersionDate "2023.09.30"]
[SourceQuality "1"]

1. d4 Nf6 2. Bf4 d5 3. e3 Bf5 4. Bd3 e6 5. Bxf5 exf5 6. Qd3 Qd7 7. Nf3 Nc6 8. Ne5 Nxe5 9. Bxe5 Ne4 10. f3 Nd6 11. 0-0 f6 12. Bg3 Be7 13. Nd2 0-0 14. c4 c6 15. cxd5 cxd5 16. Rac1 Rfc8 17. a3 b5 18. b3 g6 19. Rfe1 Kg7 20. e4 fxe4 21. fxe4 dxe4 22. Nxe4 Nxe4 23. Qxe4 Bxa3 24. Rxc8 Rxc8 25. d5 Bc5+ 26. Kh1 Bd6 27. Bxd6 Qxd6 28. Qe7+ Qxe7 29. Rxe7+ Kf8 30. Re1 Rd8 31. Rd1 Ke7 32. Kg1 Kd6 33. Kf2 Re8 34. Kf3 Re5 35. Ra1 Re7 36. Ra5 Kc5 37. d6 Rd7 38. Ke4 Kb6 39. Ra2 Rxd6 40. Rf2 Kc5 41. Ra2 Re6+ 42. Kd3 Re7 43. Kc3 Re3+ 44. Kd2 Rxb3 45. Rxa7 Rb2+ 46. Kc3 Rxg2 47. Rc7+ Kd5 48. Rxh7 g5 49. Kb4 Rb2+ 50. Kc3 Rb1 51. Kc2 Rh1 52. Kb3 Ke6 53. Kb4 Rb1+ 54. Kc3 g4 55. Kc2 Rh1 56. Kc3 g3 57. h4 g2 58. Rg7 g1Q 0-1

[Event "Speed Chess Q1 Sw"]
[Site "Chess.com INT"]
[Date "2023.08.21"]
[Round "6"]
[White "Toman, Ondrej"]
[Black "Baskakov, Egor"]
[Result "0-1"]
[WhiteElo "2283"]
[BlackElo "2215"]
[PlyCount "92"]
[EventDate "2023.08.21"]
[EventType "k.o. (blitz)"]
[EventRounds "14"]
[EventCountry "USA"]
[SourceTitle "CBM 215 Extra"]
[Source "ChessBase"]
[SourceDate "2023.09.30"]
[SourceVersion "1"]
[SourceVersionDate "2023.09.30"]
[SourceQuality "1"]

1. d4 Nf6 2. Bg5 e6 3. Nd2 d5 4. e3 Be7 5. Bd3 c5 6. c3 Nc6 7. f4 h6 8. Bxf6 gxf6 9. Ngf3 f5 10. Ne5 c4 11. Bc2 Nxe5 12. fxe5 b5 13. 0-0 Rg8 14. Qh5 Rg6 15. Kh1 Bd7 16. e4 dxe4 17. Nxe4 Bc6 18. Ng3 Qd5 19. Rf2 0-0-0 20. Bd1 Qd7 21. b3 Rg5 22. Qxf7 Rdg8 23. Qh7 R5g7 24. Qxh6 Bg5 25. Qh5 Be3 26. Qe2 f4 27. bxc4 Rxg3 28. hxg3 Rh8+ 29. Kg1 Qh7 30. Qh5 Qxh5 31. Bxh5 fxg3 32. Kf1 Bxf2 33. Bg4 Rh1+ 34. Ke2 Rxa1 35. Bxe6+ Kc7 36. d5 Rxa2+ 37. Kf3 Rc2 38. Kf4 Rxc3 39. cxb5 Bxb5 40. d6+ Kd8 41. Bd5 Rd3 42. Ke4 Rxd5 43. Kxd5 Bf1 44. e6 Bxg2+ 45. Ke5 Bh3 46. d7 Bxe6 0-1

[Event "Speed Chess Q1 Sw"]
[Site "Chess.com INT"]
[Date "2023.08.21"]
[Round "4"]
[White "Toman, Ondrej"]
[Black "Winkels, Marcel"]
[Result "1-0"]
[WhiteElo "2283"]
[BlackElo "1920"]
[PlyCount "59"]
[EventDate "2023.08.21"]
[EventType "k.o. (blitz)"]
[EventRounds "14"]
[EventCountry "USA"]
[SourceTitle "CBM 215 Extra"]
[Source "ChessBase"]
[SourceDate "2023.09.30"]
[SourceVersion "1"]
[SourceVersionDate "2023.09.30"]
[SourceQuality "1"]

1. d4 Nf6 2. Bg5 g6 3. Bxf6 exf6 4. e3 Bg7 5. g3 0-0 6. Bg2 c6 7. c4 d6 8. Ne2 Na6 9. 0-0 Bf5 10. Nbc3 Re8 11. Nf4 Nc7 12. b4 a5 13. a3 axb4 14. axb4 Rxa1 15. Qxa1 Qa8 16. b5 cxb5 17. cxb5 Qb8 18. Rc1 Bd7 19. Qa5 Rc8 20. Ra1 Ne6 21. Ncd5 Kh8 22. Qb6 Nxf4 23. Nxf4 Qc7 24. Qxb7 Qxb7 25. Bxb7 Rb8 26. Bc6 Bc8 27. Nd5 f5 28. b6 h5 29. Ra8 Rxa8 30. Bxa8 1-0

[Event "Speed Chess Q1 Sw"]
[Site "Chess.com INT"]
[Date "2023.08.21"]
[Round "7"]
[White "Zirkelbach, Maj"]
[Black "Toman, Ondrej"]
[Result "0-1"]
[WhiteElo "2277"]
[BlackElo "2283"]
[PlyCount "138"]
[EventDate "2023.08.21"]
[EventType "k.o. (blitz)"]
[EventRounds "14"]
[EventCountry "USA"]
[SourceTitle "CBM 215 Extra"]
[Source "ChessBase"]
[SourceDate "2023.09.30"]
[SourceVersion "1"]
[SourceVersionDate "2023.09.30"]
[SourceQuality "1"]

1. d4 Nf6 2. c4 e6 3. Nf3 d5 4. Nc3 Be7 5. Bf4 0-0 6. e3 Nh5 7. Bg3 Nd7 8. Qc2 Ndf6 9. Bd3 dxc4 10. Bxc4 Nxg3 11. hxg3 c5 12. dxc5 Bxc5 13. Ng5 h6 14. Nge4 Nxe4 15. Qxe4 Bb4 16. Rc1 Qa5 17. a3 Be7 18. Bd3 f5 19. Qf3 Rd8 20. Bc4 Bf6 21. 0-0 Kh8 22. g4 Rb8 23. e4 b6 24. Qe2 fxg4 25. Qxg4 Qg5 26. Qe2 Bb7 27. Rfd1 Rbc8 28. Bxe6 Rxd1+ 29. Rxd1 Re8 30. Bd5 Bc8 31. Qd3 Be5 32. g3 Bg4 33. Re1 Qh5 34. f4 Bd6 35. Ne2 Bc5+ 36. Nd4 Bf3 37. Kf2 Bg4 38. b4 Qh2+ 39. Ke3 Bxd4+ 40. Kxd4 Qf2+ 41. Qe3 Qb2+ 42. Qc3 Qf2+ 43. Re3 Rd8 44. Kc4 Qf1+ 45. Kb3 Bd1+ 46. Kb2 Qf2+ 47. Kc1 Bg4 48. Rd3 Qf1+ 49. Kb2 Rc8 50. Qd2 Qh1 51. Rc3 Rd8 52. e5 Qxd5 53. Qxd5 Rxd5 54. Rc7 a5 55. Rb7 axb4 56. axb4 b5 57. Kc3 Kg8 58. Re7 Kf8 59. Rb7 Be2 60. Rb8+ Kf7 61. Rb7+ Kg6 62. Kc2 Bc4 63. Kc3 Rd3+ 64. Kc2 Rxg3 65. Rb6+ Kf5 66. e6 Re3 67. Kd2 Rxe6 68. Kc3 Rxb6 69. Kd4 Rd6+ 0-1

[Event "Titled Tuesday intern op 08th Aug Early"]
[Site "Chess.com INT"]
[Date "2023.08.08"]
[Round "6"]
[White "Adewumi, Tanitoluwa"]
[Black "Toman, Ondrej"]
[Result "1-0"]
[WhiteElo "2277"]
[BlackElo "2283"]
[PlyCount "133"]
[EventDate "2023.08.08"]
[EventType "swiss (blitz)"]
[EventRounds "11"]
[EventCountry "USA"]
[SourceTitle "EXT 2024"]
[Source "ChessBase"]
[SourceDate "2023.10.10"]
[SourceVersion "1"]
[SourceVersionDate "2023.10.10"]
[SourceQuality "1"]

1. e4 c6 2. d4 d5 3. exd5 cxd5 4. Bd3 Nc6 5. c3 Qc7 6. Ne2 e5 7. dxe5 Nxe5 8. 0-0 Nxd3 9. Qxd3 Nf6 10. Bg5 Be7 11. Nf4 0-0 12. Bxf6 Bxf6 13. Nxd5 Qc6 14. Nd2 Bd8 15. Nf3 Be6 16. Rad1 Re8 17. Rfe1 h6 18. a3 a5 19. h3 a4 20. Qd4 Rc8 21. Re2 Qc5 22. Nf4 Qxd4 23. Rxd4 b5 24. Rde4 Bf6 25. Nxe6 fxe6 26. Rxe6 Rxe6 27. Rxe6 Rc5 28. Kf1 Rd5 29. Ke2 Kf7 30. Re3 h5 31. Rd3 Rc5 32. Nd2 Re5+ 33. Re3 Rd5 34. Ne4 Be7 35. Rf3+ Ke6 36. Rd3 Re5 37. Re3 g5 38. g3 Kf5 39. Nd2 Rxe3+ 40. Kxe3 Bc5+ 41. Kf3 g4+ 42. hxg4+ hxg4+ 43. Ke2 Ke5 44. Nf1 Kf5 45. Ne3+ Kg5 46. Nc2 Kf5 47. Nd4+ Bxd4 48. cxd4 Ke4 49. d5 Kxd5 50. Kd3 Ke5 51. Ke3 Kd5 52. f3 gxf3 53. g4 Kc4 54. g5 Kd5 55. Kxf3 Ke6 56. Ke3 Kf5 57. Kd4 Kxg5 58. Kc5 Kf4 59. Kxb5 Ke5 60. Kxa4 Kd6 61. b4 Kc6 62. Kb3 Kb6 63. a4 Ka6 64. Kc4 Kb6 65. b5 Ka5 66. Kc5 Kxa4 67. b6 1-0

[Event "Titled Tuesday intern op 08th Aug Early"]
[Site "Chess.com INT"]
[Date "2023.08.08"]
[Round "4"]
[White "Mekhitarian, Krikor Sevag"]
[Black "Toman, Ondrej"]
[Result "0-1"]
[WhiteElo "2540"]
[BlackElo "2283"]
[PlyCount "40"]
[EventDate "2023.08.08"]
[EventType "swiss (blitz)"]
[EventRounds "11"]
[EventCountry "USA"]
[SourceTitle "EXT 2024"]
[Source "ChessBase"]
[SourceDate "2023.10.10"]
[SourceVersion "1"]
[SourceVersionDate "2023.10.10"]
[SourceQuality "1"]

1. Nf3 Nf6 2. c4 e6 3. d4 d5 4. cxd5 exd5 5. Nc3 c6 6. Bf4 Bd6 7. Bxd6 Qxd6 8. e3 Bf5 9. Nh4 Bg6 10. Qb3 Qe7 11. Nxg6 hxg6 12. Bd3 a5 13. 0-0 Qb4 14. Qc2 g5 15. a3 Qd6 16. g3 Ng4 17. Qe2 Nxh2 18. Rfc1 Qh6 19. Kg2 Qh3+ 20. Kg1 g4 0-1